Southville International School and Colleges
Your cart is empty.
  • Cart
  • Lists
    Public lists Eva Luna New books Lux_list list_1
    Your lists Log in to create your own lists
  • Log in to your account
  • Your cookies
  • Search history
Southville International School and Colleges
  • Advanced search
  • Recent comments
  • Most popular
  • Libraries

Log in to your account

Log in with GOOGLE


If you do not have an external account, but do have a local account, you can still log in:

  1. Home
  2. MARC view: Dragon rider /
Normal view MARC view ISBD view

Dragon rider / (Record no. 10928)

[ view plain ]
MARC details
000 -LEADER
fixed length control field 01196cam a22003614a 4500
001 - CONTROL NUMBER
control field 13917891
003 - CONTROL NUMBER IDENTIFIER
control field LC
005 - DATE AND TIME OF LATEST TRANSACTION
control field 20160330094955.0
008 - FIXED-LENGTH DATA ELEMENTS--GENERAL INFORMATION
fixed length control field 050401s2004 nyu c 000 1 eng
010 ## - LIBRARY OF CONGRESS CONTROL NUMBER
LC control number 2005272499
020 ## - INTERNATIONAL STANDARD BOOK NUMBER
International Standard Book Number 9780439543422
020 ## - INTERNATIONAL STANDARD BOOK NUMBER
International Standard Book Number 0439543428
040 ## - CATALOGING SOURCE
Original cataloging agency DLC
Transcribing agency DLC
041 1# - LANGUAGE CODE
Language code of text/sound track or separate title eng
Language code of original and/or intermediate translations of text ger
042 ## - AUTHENTICATION CODE
Authentication code lcac
050 00 - LIBRARY OF CONGRESS CALL NUMBER
Classification number PZ 7
Item number .F96624Dr 2004
082 00 - DEWEY DECIMAL CLASSIFICATION NUMBER
Classification number FIC
Item number F96d 2004
100 1# - MAIN ENTRY--PERSONAL NAME
Personal name Funke, Cornelia Caroline.
9 (RLIN) 17287
240 10 - UNIFORM TITLE
Uniform title <a href="Drachenreiter.">Drachenreiter.</a>
Language of a work English
245 10 - TITLE STATEMENT
Title Dragon rider /
Statement of responsibility, etc Cornelia Funke ; translated by Anthea Bell.
250 ## - EDITION STATEMENT
Edition statement 1st American ed.
260 ## - PUBLICATION, DISTRIBUTION, ETC. (IMPRINT)
Place of publication, distribution, etc New York :
Name of publisher, distributor, etc Chicken House/Scholastic,
Date of publication, distribution, etc 2004
300 ## - PHYSICAL DESCRIPTION
Extent 523 p. ;
Dimensions 21 cm.
546 ## - LANGUAGE NOTE
Language note +
650 #1 - SUBJECT ADDED ENTRY--TOPICAL TERM
Topical term or geographic name as entry element Fantasy.
9 (RLIN) 3293
650 #1 - SUBJECT ADDED ENTRY--TOPICAL TERM
Topical term or geographic name as entry element Dragons
Form subdivision Fiction.
9 (RLIN) 18271
650 #1 - SUBJECT ADDED ENTRY--TOPICAL TERM
Topical term or geographic name as entry element Animals, Mythical
Form subdivision Fiction.
9 (RLIN) 18272
700 1# - ADDED ENTRY--PERSONAL NAME
Personal name Bell, Anthea.
9 (RLIN) 17421
906 ## - LOCAL DATA ELEMENT F, LDF (RLIN)
a 7
b cbc
c orignew
d 2
e ncip
f 20
g y-gencatlg
942 ## - ADDED ENTRY ELEMENTS (KOHA)
Source of classification or shelving scheme Library of Congress Classification
Koha item type Books
Holdings
Withdrawn status Lost status Source of classification or shelving scheme Damaged status Home library Current library Shelving location Date acquired Total Checkouts Full call number Barcode Date last seen Copy number Price effective from Koha item type Date checked out
    Library of Congress Classification   Luxembourg Library Luxembourg Library Fiction Section 09/11/2013   PZ 7 .F96624Dr 2005 14725 07/03/2015 1 09/11/2013 Books  
    Library of Congress Classification   Luxembourg Library Luxembourg Library Fiction Section 09/11/2013 2 PZ 7 .F96624Dr 2004 15185 07/10/2019 1 09/11/2013 Books 06/25/2019

Dragon rider /

APA

Funke C. C., Bell A., . (2004). Dragon rider. New York: Chicken House/Scholastic.

Chicago

Funke Cornelia Caroline, Bell Anthea, . 2004. Dragon rider. New York: Chicken House/Scholastic.

Harvard

Funke C. C., Bell A., . (2004). Dragon rider. New York: Chicken House/Scholastic.

MLA

Funke Cornelia Caroline, Bell Anthea, . Dragon rider. New York: Chicken House/Scholastic. 2004.

  • Place hold
  • Print
  • Cite
  • Add to your cart (remove)
  • Save record
    BIBTEX Dublin Core MARCXML MARC (non-Unicode/MARC-8) MARC (Unicode/UTF-8) MARC (Unicode/UTF-8, Standard) MODS (XML) RIS
  • More searches
    Search for this title in:
    Other Libraries (WorldCat) Other Databases (Google Scholar) Online Stores (Bookfinder.com) Open Library (openlibrary.org)

Exporting to Dublin Core...

SOUTHVILLE LIBRARY

Southville International School and Colleges Library

1281 Tropical Ave. Cor. Luxembourg St., BF Homes International, Las Pinas City

Tel. No. 8256374 / 252358 Loc. 117/146

Powered by Koha